LEADER 00981nam0 22002411i 450 001 UON00091809 005 20231205102514.295 100 $a20020107d1956 |0itac50 ba 101 $amul 102 $aNL 105 $a|||| ||||| 200 1 $aAbhandlungen zur griechischen Geschichtschreibung$eF. Jacoby, zu seinem achtzigsten Geburtstag am 19. Marz 1956$fherausgegeben von H. Bloch 210 $aLeiden$cBrill$d1956 xi,448 p. ; 24 cm 620 $aNL$dLeiden$3UONL003056 686 $aA2$cSTORIA DELLA STORIOGRAFIA$2A 702 1$aJACOBY$bFelix$3UONV059124 712 $aBrill$3UONV245886$4650 801 $aIT$bSOL$c20240220$gRICA 899 $aSIBA - SISTEMA BIBLIOTECARIO DI ATENEO$2UONSI 912 $aUON00091809 950 $aSIBA - SISTEMA BIBLIOTECARIO DI ATENEO$dSI A 2 006 $eSI MC 93 5 996 $aAbhandlungen zur griechischen Geschichtschreibung$91304034 997 $aUNIOR LEADER 05152nas# 22003731i 450 001 UON00084982 005 20231205102444.61 011 $a0345-2328 100 $a20020107a1972 |0itac50 ba 101 $aeng 102 $aSE 105 $a|||| ||||| 110 $aaF||||||||| 200 1 $aDevelopment dialogue$eA journal of International Development Cooperation$fPublished by the Dag Hammarskjold Foundation$gEditors: Sven Hamrell, Olle Nordberg 205 $aNo. 1(1972)- 207 $aUppsala : Dag Hammarskjold Foundation, 1972- 210 $a v.$a25 cm 215 $aSemestrale 311 $an. 48 (20069$9UON00301195 316 $a*Altra colloc.$5IT-UONSI A PER Afr93 a/1988* 316 $a1-2$5IT-UONSI A PER Afr93 a/1992 463 0$1001UON00301195$12001 $aCarbon trading$ea critical conversation on climate change, privatisation and power$feds. Niclas Hallstrom, Olle Nordberg, Robert Osterbergh$1210 $aUppsala$cDag Hammarskjold Foundation$d2006$1215 $a355 p.$cill.$d25 cm$vn. 48 (20069 606 $aCOOPERAZIONE INTERNAZIONALE$3UONC020955$2RI 620 $aSE$dUppsala$3UONL000426 702 1$aHAMRELL$bSven$3UONV046125 702 1$aNORDBERG$bOlle$3UONV046126 712 02$aHAMMARSKJOLD FOUNDATION$3UONV046124 712 $aDag Hammarskjold Foundation$3UONV257341$4650 801 $aIT$bSOL$c20240220$gRICA 899 $aSIBA - SISTEMA BIBLIOTECARIO DI ATENEO$2UONSI$41972-74; 1976-85; 1987-89; 1991-92; 1994-2002; 2006; Lac. : 1972/74, 1994, 2006$cA PER Afr 93 a ; 912 $aUON00084982 950 $aSIBA - SISTEMA BIBLIOTECARIO DI ATENEO$bSI 1972-74; 1976-85; 1987-89; 1991-92; 1994-2002; 2006; Lac. : 1972/74, 1994, 2006$dSI A PER Afr 93 a 1979 $eSI AA 6190 7 1979 $dSI A PER Afr 93 a 1980 $eSI AA 6263 7 1980 $dSI A PER Afr 93 a 1983 $eSI AA 6264 7 1983 $dSI A PER Afr 93 a 1982 $eSI AA 6426 7 1982 $dSI A PER Afr 93 a 1985 $eSI AA 7876 7 1985 $dSI A PER Afr 93 a 1987 $eSI AA 9367 7 1987 $dSI A PER Afr 93 a 1988 $eSI AA 11039 7 1988 $dSI A PER Afr 93 a 1988* $eSI AA 11382 7 1988* *Altra colloc.$dSI A PER Afr 93 a 1989 $eSI AA 11383 7 1989 $dSI A PER Afr 93 a 1972 $eSI AA 12549 7 1972 $dSI A PER Afr 93 a 1973 $eSI AA 12550 7 1973 $dSI A PER Afr 93 a 1974 $eSI AA 12551 7 1974 $dSI A PER Afr 93 a 1976 $eSI AA 12552 7 1976 $dSI A PER Afr 93 a 1977 $eSI AA 12553 7 1977 $dSI A PER Afr 93 a 1978 $eSI AA 12554 7 1978 $dSI A PER Afr 93 a 1981 $eSI AA 12555 7 1981 $dSI A PER Afr 93 a 1984 $eSI AA 12556 7 1984 $dSI A PER Afr 93 a 1991 $eSI AA 12809 7 1991 $dSI A PER Afr 93 a 1992 $eSI AA 15714 7 1992 1-2$dSI A PER Afr 93 a 1994 $eSI AA 17256 7 1994 $dSI A PER Afr 93 a 1995 $eSI AA 18242 7 1995 $dSI A PER Afr 93 a 1997 $eSI AA 21037 7 1997 $dSI A PER Afr 93 a 1996 $eSI AA 21078 7 1996 $dSI A PER Afr 93 a 1998 $eSI AA 22746 7 1998 $dSI A PER Afr 93 a 1999 $eSI AA 24188 7 1999 $dSI A PER Afr 93 a 2000 $eSI AA 24844 7 2000 $dSI A PER Afr 93 a 2001 $eSI AA 24995 7 2001 $dSI A PER Afr 93 a 2002 $eSI AA 25886 7 2002 $dSI A PER Afr 93 a 2006 $eSI AA 29617 7 2006 996 $aDevelopment dialogue$9797713 997 $aUNIOR LEADER 03284nam 2200673Ia 450 001 9910437769703321 005 20251116165523.0 010 $a9786613936370 010 $a9781283623926 010 $a1283623927 010 $a9781461442806 010 $a146144280X 024 7 $a10.1007/978-1-4614-4280-6 035 $a(CKB)2560000000090394 035 $a(EBL)994311 035 $a(OCoLC)803973899 035 $a(SSID)ssj0000745861 035 $a(PQKBManifestationID)11411476 035 $a(PQKBTitleCode)TC0000745861 035 $a(PQKBWorkID)10860174 035 $a(PQKB)11496647 035 $a(DE-He213)978-1-4614-4280-6 035 $a(MiAaPQ)EBC994311 035 $a(PPN)168299763 035 $a(EXLCZ)992560000000090394 100 $a20120723h20122013 uy 0 101 0 $aeng 135 $aur|n|---||||| 181 $ctxt 182 $cc 183 $acr 200 10$aCMOS integrated capacitive DC-DC converters /$fTom Van Breussegem, Michiel Steyaert 205 $a1st ed. 2013. 210 $aNew York, NY $cSpringer$d2012, c2013 215 $a1 online resource (218 p.) 225 0 $aAnalog circuits and signal processing 300 $aDescription based upon print version of record. 311 08$a9781489989369 311 08$a1489989366 311 08$a9781461442790 311 08$a1461442796 320 $aIncludes bibliographical references. 327 $aIntroduction -- Converter Topologies and Fundamentals -- Modeling and Design of Capacitive DC-DC Converters -- Noise Reduction by Multi-phase Interleaving and Fragmentation -- Control of Fully Integrated Capacitive Converters -- Monolithic Integration of DC-DC Converters in CMOS -- DC-DC Converter Prototypes -- Conclusions. . 330 $aThis book provides a detailed analysis of all aspects of capacitive DC-DC converter design: topology selection, control loop design and noise mitigation. Readers will benefit from the authors? systematic overview that starts from the ground up, in-depth circuit analysis and a thorough review of recently proposed techniques and design methodologies.  Not only design techniques are discussed, but also implementation in CMOS is shown, by pinpointing the technological opportunities of CMOS and demonstrating the implementation based on four state-of-the-art prototypes.  Provides a detailed analysis of all aspects of capacitive DC-DC converter design;  Analyzes the potential of this type of DC-DC converter and introduces a number of techniques to unleash their full potential; Combines system theory with practical implementation techniques; Includes unique analysis of CMOS technology for this application; Provides in-depth analysis of four fabricated prototypes. 410 0$aAnalog Circuits and Signal Processing,$x1872-082X 606 $aDC-to-DC converters 606 $aElectric current converters 615 0$aDC-to-DC converters. 615 0$aElectric current converters. 676 $a621.3815 700 $aBreussegem$b Tom van$01866395 701 $aSteyaert$b Michiel$f1959-$0766817 801 0$bMiAaPQ 801 1$bMiAaPQ 801 2$bMiAaPQ 906 $aBOOK 912 $a9910437769703321 996 $aCMOS integrated capacitive DC-DC converters$94473789 997 $aUNINA